Normal view
MARC view
Entry Geographic Name
001 - CONTROL NUMBER
- control field: 49648
003 - CONTROL NUMBER IDENTIFIER
- control field: ARRUPE
005 - DATE AND TIME OF LATEST TRANSACTION
- control field: 20200312124117.0
008 - FIXED-LENGTH DATA ELEMENTS
- fixed length control field: 200312|| aca||aabn | a|a d
040 ## - CATALOGING SOURCE
- Original cataloging agency: ARRUPE
- Transcribing agency: ARRUPE
151 ## - HEADING--GEOGRAPHIC NAME
- Geographic name: Great Britain
- General subdivision: Commerce
- General subdivision: History.
670 ## - SOURCE DATA FOUND
- Source citation: Work cat.: (ARRUPE)0: Mann, Kristin, 1946- 49640, Slavery and the birth of an African city :, c2007.